[Event "Portugal Open Semirrapidas"]
[Site "Lisboa POR"]
[Date "2020.02.02"]
[Round "5.32"]
[White "GARCIA DORADO, Alberto"]
[Black "GARCIA, Antonio"]
[Result "1-0"]
[BlackElo "1685"]
[WhiteElo "2150"]
[LiveChessVersion "1.4.8"]

1. d4 {[%clk 0:15:05]} d5 {[%clk 0:15:07]} 2. c4 {[%clk 0:15:06]} c6
{[%clk 0:15:08]} 3. Nf3 {[%clk 0:15:07]} Nf6 {[%clk 0:15:10]} 4. e3
{[%clk 0:15:11]} e6 {[%clk 0:14:46]} 5. b3 {[%clk 0:15:13]} Nbd7 {[%clk 0:14:28]}
6. Bb2 {[%clk 0:15:16]} Be7 {[%clk 0:14:26]} 7. Bd3 {[%clk 0:15:18]} dxc4
{[%clk 0:13:52]} 8. Bxc4 {[%clk 0:15:16]} b5 {[%clk 0:13:50]} 9. Bd3
{[%clk 0:15:19]} Bb7 {[%clk 0:13:50]} 10. O-O {[%clk 0:15:21]} a6
{[%clk 0:13:48]} 11. a4 {[%clk 0:15:17]} bxa4 {[%clk 0:13:13]} 12. Rxa4
{[%clk 0:15:06]} c5 {[%clk 0:13:02]} 13. Qe2 {[%clk 0:15:04]} a5 {[%clk 0:11:11]}
14. Rd1 {[%clk 0:15:01]} Bc6 {[%clk 0:10:07]} 15. Ra1 {[%clk 0:14:52]} Qb8
{[%clk 0:09:52]} 16. Nbd2 {[%clk 0:14:38]} O-O {[%clk 0:09:47]} 17. e4
{[%clk 0:14:33]} h6 {[%clk 0:08:56]} 18. Ba3 {[%clk 0:14:22]} Re8
{[%clk 0:08:49]} 19. Rdc1 {[%clk 0:14:26]} Bb7 {[%clk 0:08:30]} 20. dxc5
{[%clk 0:14:22]} Bc6 {[%clk 0:08:06]} 21. Nc4 {[%clk 0:13:19]} Qf4
{[%clk 0:06:34]} 22. Nd6 {[%clk 0:12:43]} Bxd6 {[%clk 0:06:09]} 23. cxd6
{[%clk 0:12:47]} Bxe4 {[%clk 0:06:03]} 24. Rc4 {[%clk 0:12:44]} Bxd3
{[%clk 0:05:27]} 25. Qxd3 {[%clk 0:12:48]} Qf5 {[%clk 0:05:19]} 26. Qxf5
{[%clk 0:12:46]} exf5 {[%clk 0:05:23]} 27. Ra4 {[%clk 0:12:40]} Re4
{[%clk 0:05:19]} 28. Bb2 {[%clk 0:12:17]} Rb8 {[%clk 0:05:04]} 29. Rxa5
{[%clk 0:12:16]} Rxb3 {[%clk 0:04:59]} 30. Bxf6 {[%clk 0:12:18]} Nxf6
{[%clk 0:04:50]} 31. Rd1 {[%clk 0:12:22]} Reb4 {[%clk 0:04:32]} 32. Ra2
{[%clk 0:12:15]} Rd3 {[%clk 0:04:04]} 33. Raa1 {[%clk 0:12:11]} Rxd1+
{[%clk 0:03:46]} 34. Rxd1 {[%clk 0:12:15]} Nd7 {[%clk 0:03:37]} 35. g3
{[%clk 0:12:19]} g5 {[%clk 0:03:40]} 36. Nd4 {[%clk 0:12:20]} f4 {[%clk 0:03:35]}
37. gxf4 {[%clk 0:12:23]} gxf4 {[%clk 0:03:39]} 38. Kg2 {[%clk 0:12:27]} Ne5
{[%clk 0:03:35]} 39. Nf5 {[%clk 0:12:12]} f3+ {[%clk 0:03:25]} 40. Kg3
{[%clk 0:12:15]} Nd7 {[%clk 0:02:07]} 41. Nxh6+ {[%clk 0:12:18]} Kg7
{[%clk 0:02:04]} 42. Nf5+ {[%clk 0:12:11]} Kf6 {[%clk 0:02:05]} 43. Nh4
{[%clk 0:12:15]} Ke6 {[%clk 0:01:08]} 44. Nxf3 {[%clk 0:12:17]} Rb3
{[%clk 0:01:00]} 45. Kg2 {[%clk 0:12:07]} Rb4 {[%clk 0:00:42]} 46. h4
{[%clk 0:12:07]} Nf6 {[%clk 0:00:41]} 47. Ng5+ {[%clk 0:11:57]} Kd7
{[%clk 0:00:38]} 48. Nxf7 {[%clk 0:11:50]} Rxh4 {[%clk 0:00:41]} 49. Ne5+
{[%clk 0:11:53]} Kd8 {[%clk 0:00:40]} 50. d7 1-0

[Event "Portugal Open Semirrapidas"]
[Site "Lisboa POR"]
[Date "2020.02.02"]
[Round "5.33"]
[White "BASILIO, Rodrigo"]
[Black "SANTOS, Jose Guilherme"]
[Result "0-1"]
[BlackElo "2135"]
[WhiteElo "1749"]
[LiveChessVersion "1.4.8"]

1. e4 {[%clk 0:15:07]} c5 {[%clk 0:15:09]} 2. Nf3 {[%clk 0:15:11]} d6
{[%clk 0:15:11]} 3. d4 {[%clk 0:15:11]} cxd4 {[%clk 0:15:15]} 4. Nxd4
{[%clk 0:15:14]} Nf6 {[%clk 0:15:18]} 5. Nc3 {[%clk 0:15:17]} a6 {[%clk 0:15:22]}
6. f3 {[%clk 0:15:00]} e5 {[%clk 0:15:25]} 7. Nde2 {[%clk 0:14:50]} Be7
{[%clk 0:15:28]} 8. Be3 {[%clk 0:14:53]} Be6 {[%clk 0:15:23]} 9. Qd2
{[%clk 0:14:16]} Nbd7 {[%clk 0:15:26]} 10. f4 {[%clk 0:14:02]} Rc8
{[%clk 0:14:35]} 11. b3 {[%clk 0:13:11]} Nc5 {[%clk 0:14:38]} 12. Bxc5
{[%clk 0:12:23]} Rxc5 {[%clk 0:14:41]} 13. f5 {[%clk 0:12:27]} Bd7
{[%clk 0:14:40]} 14. h3 {[%clk 0:05:46]} b5 {[%clk 0:14:40]} 15. a3
{[%clk 0:05:09]} Bc6 {[%clk 0:13:14]} 16. Qe3 {[%clk 0:04:31]} Bb7
{[%clk 0:12:49]} 17. g4 {[%clk 0:04:30]} Nd7 {[%clk 0:12:49]} 18. Bg2
{[%clk 0:03:50]} Bh4+ {[%clk 0:12:51]} 19. Kf1 {[%clk 0:03:25]} Be7
{[%clk 0:12:18]} 20. Rd1 {[%clk 0:03:00]} Rc8 {[%clk 0:10:54]} 21. Qf2
{[%clk 0:00:45]} Qa5 {[%clk 0:10:14]} 22. Qa7 {[%clk 0:00:07]} Rc7
{[%clk 0:08:11]} 23. b4 {[%clk 0:00:10]} Qb6 {[%clk 0:08:16]} 24. Qxb6
{[%clk 0:00:13]} Nxb6 {[%clk 0:08:19]} 25. Rd3 {[%clk 0:00:07]} Nc4
{[%clk 0:08:23]} 26. Nd1 {[%clk 0:00:07]} Bg5 {[%clk 0:08:04]} 27. h4
{[%clk 0:00:08]} Be7 {[%clk 0:07:10]} 28. Kf2 {[%clk 0:00:13]} O-O
{[%clk 0:07:04]} 29. Ne3 {[%clk 0:00:07]} Nb2 {[%clk 0:07:09]} 30. Rc3
{[%clk 0:00:10]} Rfc8 {[%clk 0:07:13]} 31. Rxc7 {[%clk 0:00:14]} Rxc7
{[%clk 0:07:17]} 32. Rb1 {[%clk 0:00:12]} Nc4 {[%clk 0:07:19]} 33. c3
{[%clk 0:00:14]} Nd2 {[%clk 0:07:21]} 34. Rd1 {[%clk 0:00:11]} Nxe4+
{[%clk 0:07:23]} 35. Bxe4 {[%clk 0:00:12]} Bxe4 {[%clk 0:07:27]} 36. Nd5
{[%clk 0:00:15]} Bxh4+ {[%clk 0:07:31]} 37. Ke3 {[%clk 0:00:18]} Bxd5
{[%clk 0:07:34]} 38. Rxd5 {[%clk 0:00:21]} Be7 {[%clk 0:07:22]} 39. Kd3
{[%clk 0:00:06]} Rc4 {[%clk 0:06:02]} 40. a4 {[%clk 0:00:10]} e4+
{[%clk 0:05:24]} 41. Ke3 {[%clk 0:00:06]} bxa4 {[%clk 0:05:28]} 42. Ra5
{[%clk 0:00:10]} Bg5+ {[%clk 0:05:26]} 43. Kf2 {[%clk 0:00:19]} Rc6
{[%clk 0:05:30]} 44. Rxa4 {[%clk 0:00:23]} g6 {[%clk 0:05:26]} 45. fxg6
{[%clk 0:00:26]} hxg6 {[%clk 0:05:26]} 46. Ra5 {[%clk 0:00:28]} Bf6
{[%clk 0:05:25]} 47. Rd5 {[%clk 0:00:30]} Be5 {[%clk 0:05:19]} 48. Ke3
{[%clk 0:00:23]} f5 {[%clk 0:05:23]} 49. gxf5 {[%clk 0:00:25]} gxf5
{[%clk 0:05:28]} 50. Kd2 {[%clk 0:00:25]} Kf7 {[%clk 0:01:44]} 51. Nd4
{[%clk 0:00:25]} Bxd4 {[%clk 0:01:48]} 52. cxd4 {[%clk 0:00:14]} Ke6
{[%clk 0:01:50]} 53. Ra5 {[%clk 0:00:18]} Rc4 {[%clk 0:01:55]} 54. d5+
{[%clk 0:00:22]} Ke5 {[%clk 0:02:00]} 55. Rxa6 {[%clk 0:00:13]} Rxb4
{[%clk 0:02:03]} 56. Ra5 {[%clk 0:00:12]} Rd4+ {[%clk 0:02:07]} 57. Ke3
{[%clk 0:00:16]} Rxd5 {[%clk 0:02:12]} 58. Ke2 {[%clk 0:00:19]} Rxa5
{[%clk 0:02:16]} 0-1

[Event "Portugal Open Semirrapidas"]
[Site "Lisboa POR"]
[Date "2020.02.02"]
[Round "5.34"]
[White "NOGUEIRA, Nelson"]
[Black "DUQUE, Raquel"]
[Result "0-1"]
[BlackElo "1540"]
[WhiteElo "2132"]
[LiveChessVersion "1.4.8"]

1. d4 {[%clk 0:15:08]} Nf6 {[%clk 0:15:09]} 2. c4 {[%clk 0:15:12]} g6
{[%clk 0:15:13]} 3. Nc3 {[%clk 0:15:14]} d5 {[%clk 0:15:16]} 4. Nf3
{[%clk 0:15:16]} Bg7 {[%clk 0:15:19]} 5. g3 {[%clk 0:15:20]} O-O {[%clk 0:15:22]}
6. Bg2 {[%clk 0:15:20]} b6 {[%clk 0:15:08]} 7. cxd5 {[%clk 0:13:39]} Nxd5
{[%clk 0:14:59]} 8. Nxd5 {[%clk 0:13:34]} Qxd5 {[%clk 0:14:44]} 9. Nh4
{[%clk 0:13:30]} Qa5+ {[%clk 0:14:27]} 10. Bd2 {[%clk 0:13:29]} Qb5
{[%clk 0:14:30]} 11. Bxa8 {[%clk 0:13:19]} Qxb2 {[%clk 0:14:31]} 12. Bg2
{[%clk 0:12:00]} Bxd4 {[%clk 0:14:33]} 13. Rb1 {[%clk 0:11:58]} Qxa2
{[%clk 0:14:35]} 14. O-O {[%clk 0:11:01]} Rd8 {[%clk 0:14:38]} 15. Qe1
{[%clk 0:03:08]} Be6 {[%clk 0:13:15]} 16. Bc3 {[%clk 0:01:57]} Bc5
{[%clk 0:12:38]} 17. Ra1 {[%clk 0:01:51]} Qc2 {[%clk 0:12:40]} 18. Rxa7
{[%clk 0:01:44]} Bc4 {[%clk 0:12:36]} 19. Bf3 {[%clk 0:01:21]} c6
{[%clk 0:12:39]} 20. Ra8 {[%clk 0:00:57]} b5 {[%clk 0:12:41]} 21. Qc1
{[%clk 0:00:50]} Qb3 {[%clk 0:12:13]} 22. Ba5 {[%clk 0:00:47]} Rc8
{[%clk 0:12:03]} 23. Rd1 {[%clk 0:00:24]} Ba3 {[%clk 0:11:50]} 24. Qb1
{[%clk 0:00:12]} Qa4 {[%clk 0:11:36]} 25. Ra7 {[%clk 0:00:08]} b4
{[%clk 0:11:05]} 26. Bb6 {[%clk 0:15:05]} 0-1

[Event "Portugal Open Semirrapidas"]
[Site "Lisboa POR"]
[Date "2020.02.02"]
[Round "5.35"]
[White "LIMA, Samuel"]
[Black "RIBEIRO, Bruno"]
[Result "0-1"]
[BlackElo "2056"]
[WhiteElo "1613"]
[LiveChessVersion "1.4.8"]

1. d4 {[%clk 0:15:09]} Nf6 {[%clk 0:15:06]} 2. c4 {[%clk 0:15:13]} g6
{[%clk 0:15:08]} 3. Nc3 {[%clk 0:15:17]} d5 {[%clk 0:15:09]} 4. cxd5
{[%clk 0:15:19]} Nxd5 {[%clk 0:15:12]} 5. e4 {[%clk 0:15:22]} Nxc3
{[%clk 0:15:13]} 6. bxc3 {[%clk 0:15:25]} Bg7 {[%clk 0:15:14]} 7. Bc4
{[%clk 0:15:28]} c5 {[%clk 0:15:15]} 8. Be3 {[%clk 0:14:59]} Nc6 {[%clk 0:15:05]}
9. Ne2 {[%clk 0:15:02]} cxd4 {[%clk 0:15:03]} 10. cxd4 {[%clk 0:15:01]} O-O
{[%clk 0:15:03]} 11. O-O {[%clk 0:15:04]} Bg4 {[%clk 0:15:04]} 12. f3
{[%clk 0:15:08]} Na5 {[%clk 0:15:05]} 13. Bb5 {[%clk 0:14:11]} Bd7
{[%clk 0:13:58]} 14. Qa4 {[%clk 0:12:42]} Nc6 {[%clk 0:13:59]} 15. Rfd1
{[%clk 0:12:02]} a6 {[%clk 0:13:59]} 16. Bxc6 {[%clk 0:11:40]} Bxc6
{[%clk 0:13:52]} 17. Qb4 {[%clk 0:11:34]} Rc8 {[%clk 0:12:37]} 18. Rac1
{[%clk 0:11:24]} b5 {[%clk 0:12:35]} 19. d5 {[%clk 0:10:47]} a5 {[%clk 0:10:56]}
20. Qb3 {[%clk 0:09:47]} Bd7 {[%clk 0:10:59]} 21. Nd4 {[%clk 0:09:44]} Rxc1
{[%clk 0:05:53]} 22. Rxc1 {[%clk 0:09:42]} b4 {[%clk 0:05:54]} 23. a3
{[%clk 0:08:41]} Qb8 {[%clk 0:04:03]} 24. Rb1 {[%clk 0:06:37]} Rc8
{[%clk 0:03:45]} 25. axb4 {[%clk 0:06:36]} a4 {[%clk 0:03:49]} 26. Qa3
{[%clk 0:06:07]} Rc4 {[%clk 0:03:39]} 27. Nc6 {[%clk 0:05:41]} Bxc6
{[%clk 0:03:23]} 28. dxc6 {[%clk 0:05:45]} Qb5 {[%clk 0:03:25]} 29. Bc5
{[%clk 0:03:33]} Rxc5 {[%clk 0:03:22]} 30. bxc5 {[%clk 0:03:37]} Bd4+
{[%clk 0:03:15]} 0-1

[Event "Portugal Open Semirrapidas"]
[Site "Lisboa POR"]
[Date "2020.02.02"]
[Round "5.36"]
[White "BORNAND, Herbert"]
[Black "REGO, Pedro"]
[Result "0-1"]
[BlackElo "2195"]
[WhiteElo "1770"]
[LiveChessVersion "1.4.8"]

1. d4 {[%clk 0:15:09]} Nf6 {[%clk 0:15:09]} 2. Nc3 {[%clk 0:15:13]} d5
{[%clk 0:14:46]} 3. Bg5 {[%clk 0:15:16]} e6 {[%clk 0:14:40]} 4. e4
{[%clk 0:15:19]} dxe4 {[%clk 0:14:43]} 5. Nxe4 {[%clk 0:15:23]} Be7
{[%clk 0:14:47]} 6. Bxf6 {[%clk 0:15:25]} Bxf6 {[%clk 0:14:43]} 7. Nf3
{[%clk 0:15:28]} b6 {[%clk 0:14:32]} 8. Bd3 {[%clk 0:15:31]} Bb7 {[%clk 0:14:35]}
9. Qe2 {[%clk 0:15:34]} Nc6 {[%clk 0:14:16]} 10. c3 {[%clk 0:15:34]} Be7
{[%clk 0:13:54]} 11. h4 {[%clk 0:15:34]} Qd5 {[%clk 0:13:39]} 12. b3
{[%clk 0:13:52]} Qa5 {[%clk 0:13:34]} 13. Nfd2 {[%clk 0:13:13]} O-O-O
{[%clk 0:13:00]} 14. Nc4 {[%clk 0:13:13]} Qd5 {[%clk 0:12:40]} 15. Ne3
{[%clk 0:12:57]} Qd7 {[%clk 0:12:32]} 16. Ba6 {[%clk 0:12:53]} Nxd4
{[%clk 0:12:10]} 17. Bxb7+ {[%clk 0:12:49]} Kxb7 {[%clk 0:12:14]} 18. cxd4
{[%clk 0:12:36]} Qxd4 {[%clk 0:12:17]} 19. Nc2 {[%clk 0:09:55]} Qd5
{[%clk 0:11:27]} 20. O-O {[%clk 0:09:33]} e5 {[%clk 0:08:23]} 21. a3
{[%clk 0:09:28]} f5 {[%clk 0:08:13]} 22. Nc3 {[%clk 0:08:24]} Qd3
{[%clk 0:07:58]} 23. Qxe5 {[%clk 0:06:49]} Bf6 {[%clk 0:08:01]} 24. Qb5
{[%clk 0:05:14]} Bxc3 {[%clk 0:07:13]} 0-1

[Event "Portugal Open Semirrapidas"]
[Site "Lisboa POR"]
[Date "2020.02.02"]
[Round "5.37"]
[White "SANTOS, Julio"]
[Black "CARNEIRO, Carlos"]
[Result "0-1"]
[BlackElo "2106"]
[WhiteElo "1769"]
[LiveChessVersion "1.4.8"]

1. e4 {[%clk 0:15:08]} c5 {[%clk 0:13:33]} 2. Nf3 {[%clk 0:15:10]} g6
{[%clk 0:13:36]} 3. c4 {[%clk 0:15:13]} Bg7 {[%clk 0:13:39]} 4. d4
{[%clk 0:15:15]} cxd4 {[%clk 0:13:41]} 5. Nxd4 {[%clk 0:15:20]} Nc6
{[%clk 0:13:44]} 6. Be3 {[%clk 0:15:17]} Nf6 {[%clk 0:13:46]} 7. Nc3
{[%clk 0:15:20]} O-O {[%clk 0:13:48]} 8. Be2 {[%clk 0:15:23]} d6 {[%clk 0:13:50]}
9. O-O {[%clk 0:15:26]} Nxd4 {[%clk 0:13:44]} 10. Bxd4 {[%clk 0:15:30]} Be6 11.
Rc1 {[%clk 0:15:20]} Qa5 {[%clk 0:13:46]} 12. b3 {[%clk 0:15:14]} Rfc8
{[%clk 0:13:41]} 13. f3 {[%clk 0:14:53]} a6 {[%clk 0:13:40]} 14. Qd3
{[%clk 0:14:08]} Nd7 {[%clk 0:13:13]} 15. Qb1 {[%clk 0:13:30]} Bxd4+
{[%clk 0:13:11]} 0-1

[Event "Portugal Open Semirrapidas"]
[Site "Lisboa POR"]
[Date "2020.02.02"]
[Round "5.38"]
[White "MORAIS, Mario"]
[Black "BOTELHO, Luis"]
[Result "0-1"]
[BlackElo "2050"]
[WhiteElo "1744"]
[LiveChessVersion "1.4.8"]

1. d4 {[%clk 0:15:09]} g6 {[%clk 0:15:10]} 2. e4 {[%clk 0:15:09]} Bg7
{[%clk 0:15:14]} 3. f3 {[%clk 0:14:55]} c5 {[%clk 0:14:59]} 4. dxc5
{[%clk 0:12:09]} Qa5+ {[%clk 0:15:00]} 5. c3 {[%clk 0:11:53]} Qxc5
{[%clk 0:15:03]} 6. Qe2 {[%clk 0:11:46]} Nc6 {[%clk 0:14:59]} 7. Be3
{[%clk 0:11:48]} Qa5 8. Nd2 {[%clk 0:11:38]} Nf6 {[%clk 0:14:58]} 9. Nc4
{[%clk 0:11:34]} Qc7 {[%clk 0:15:02]} 10. Nh3 {[%clk 0:11:10]} d5
{[%clk 0:15:05]} 11. Bf4 {[%clk 0:11:01]} e5 {[%clk 0:15:09]} 12. exd5
{[%clk 0:10:31]} Nxd5 {[%clk 0:14:56]} 13. O-O-O {[%clk 0:10:02]} Nxf4
{[%clk 0:14:31]} 14. Nxf4 {[%clk 0:10:06]} O-O {[%clk 0:14:31]} 15. Nd5
{[%clk 0:10:06]} Qd8 {[%clk 0:14:01]} 16. Ndb6 {[%clk 0:09:30]} Qg5+
{[%clk 0:14:05]} 17. Qe3 {[%clk 0:09:18]} Qxe3+ 18. Nxe3 {[%clk 0:09:22]} axb6
19. Nd5 Bf5 {[%clk 0:13:39]} 20. Bd3 {[%clk 0:09:02]} Bxd3 {[%clk 0:13:05]} 21.
Rxd3 {[%clk 0:09:06]} Rxa2 {[%clk 0:13:09]} 22. Rhd1 {[%clk 0:09:01]} Ra1+
{[%clk 0:13:05]} 23. Kc2 {[%clk 0:09:05]} Rxd1 {[%clk 0:13:08]} 24. Rxd1
{[%clk 0:09:09]} b5 {[%clk 0:12:50]} 25. Nc7 {[%clk 0:08:09]} b4 {[%clk 0:12:47]}
26. Nd5 {[%clk 0:08:10]} bxc3 {[%clk 0:12:46]} 27. bxc3 {[%clk 0:08:14]} Ra8
{[%clk 0:12:37]} 28. Kd3 {[%clk 0:08:09]} Ra2 {[%clk 0:12:30]} 29. Rb1
{[%clk 0:07:59]} Bh6 {[%clk 0:11:56]} 30. Nf6+ {[%clk 0:06:48]} Kg7
{[%clk 0:11:48]} 31. Ne8+ {[%clk 0:06:42]} Kf8 {[%clk 0:11:48]} 32. Nc7
{[%clk 0:06:37]} Rxg2 {[%clk 0:11:30]} 33. Kc4 {[%clk 0:06:10]} Rxh2
{[%clk 0:11:31]} 34. Kc5 {[%clk 0:05:53]} Be3+ {[%clk 0:11:33]} 35. Kd6
{[%clk 0:05:57]} Rd2+ {[%clk 0:11:35]} 36. Nd5 {[%clk 0:06:00]} Ne7
{[%clk 0:09:20]} 37. c4 {[%clk 0:06:04]} b6 {[%clk 0:08:59]} 38. Kxe5
{[%clk 0:05:55]} Nxd5 {[%clk 0:08:27]} 39. cxd5 {[%clk 0:05:58]} Bc5
{[%clk 0:08:29]} 40. Ra1 {[%clk 0:05:43]} Bd4+ {[%clk 0:15:05]} 41. Ke4 0-1

[Event "Portugal Open Semirrapidas"]
[Site "Lisboa POR"]
[Date "2020.02.02"]
[Round "5.39"]
[White "TIERES, Cristiano"]
[Black "GOMES, Jose Luis"]
[Result "1-0"]
[BlackElo "1736"]
[WhiteElo "2021"]
[LiveChessVersion "1.4.8"]

1. d4 {[%clk 0:15:09]} d5 {[%clk 0:15:07]} 2. c4 {[%clk 0:15:13]} c6
{[%clk 0:15:09]} 3. Nc3 {[%clk 0:15:17]} g6 {[%clk 0:15:08]} 4. cxd5
{[%clk 0:15:19]} cxd5 {[%clk 0:15:12]} 5. Bf4 {[%clk 0:15:22]} Bg7
{[%clk 0:15:10]} 6. e3 {[%clk 0:15:20]} Nf6 {[%clk 0:14:57]} 7. h3
{[%clk 0:15:22]} O-O {[%clk 0:14:51]} 8. Nf3 {[%clk 0:15:26]} a6 {[%clk 0:14:49]}
9. Bd3 {[%clk 0:15:28]} Nc6 {[%clk 0:13:25]} 10. O-O {[%clk 0:15:30]} Bd7
{[%clk 0:13:21]} 11. a3 {[%clk 0:15:28]} Rc8 {[%clk 0:13:09]} 12. Na4
{[%clk 0:15:20]} Ne4 {[%clk 0:12:39]} 13. Rc1 {[%clk 0:15:00]} b5
{[%clk 0:12:04]} 14. Nc5 {[%clk 0:14:59]} Nxc5 {[%clk 0:11:54]} 15. Rxc5
{[%clk 0:15:02]} e6 {[%clk 0:11:35]} 16. b4 {[%clk 0:14:41]} Ne7 {[%clk 0:10:46]}
17. Qb3 {[%clk 0:14:38]} Rxc5 {[%clk 0:10:44]} 18. bxc5 {[%clk 0:14:35]} Bc6
{[%clk 0:10:04]} 19. Rb1 {[%clk 0:14:19]} Qa5 {[%clk 0:09:44]} 20. Bd6
{[%clk 0:14:05]} Re8 {[%clk 0:09:47]} 21. Ne5 {[%clk 0:14:03]} Bxe5
{[%clk 0:09:35]} 22. dxe5 {[%clk 0:13:31]} Nc8 {[%clk 0:09:18]} 23. Qb4
{[%clk 0:13:30]} Qxb4 {[%clk 0:09:07]} 24. axb4 {[%clk 0:13:24]} Nxd6
{[%clk 0:09:09]} 25. exd6 {[%clk 0:13:19]} Ra8 {[%clk 0:08:49]} 26. Ra1
{[%clk 0:13:21]} Kf8 {[%clk 0:08:48]} 27. f4 {[%clk 0:13:04]} f6 {[%clk 0:08:48]}
28. Kf2 {[%clk 0:13:08]} Kf7 {[%clk 0:08:42]} 29. Kf3 {[%clk 0:12:59]} e5
{[%clk 0:08:45]} 30. e4 {[%clk 0:12:36]} d4 {[%clk 0:08:35]} 31. Bc2
{[%clk 0:12:19]} exf4 {[%clk 0:08:16]} 32. Bb3+ {[%clk 0:12:10]} Kg7
{[%clk 0:08:14]} 33. Bd5 {[%clk 0:12:00]} Bxd5 {[%clk 0:08:07]} 34. exd5
{[%clk 0:12:04]} f5 {[%clk 0:07:40]} 35. c6 {[%clk 0:11:58]} Kf7 {[%clk 0:07:22]}
36. Kxf4 {[%clk 0:10:49]} Kf6 {[%clk 0:07:08]} 37. d7 {[%clk 0:10:28]} g5+
{[%clk 0:07:10]} 38. Kf3 {[%clk 0:10:31]} Ke7 {[%clk 0:06:57]} 39. Re1+
{[%clk 0:10:35]} 1-0

[Event "Portugal Open Semirrapidas"]
[Site "Lisboa POR"]
[Date "2020.02.02"]
[Round "5.40"]
[White "CHAVEZ DULCE, Angie"]
[Black "FERNANDES, Ricardo Paulos"]
[Result "0-1"]
[BlackElo "2011"]
[WhiteElo "1735"]
[LiveChessVersion "1.4.8"]

1. e4 {[%clk 0:15:08]} c5 {[%clk 0:15:09]} 2. Nc3 {[%clk 0:15:10]} d6
{[%clk 0:15:13]} 3. g3 {[%clk 0:15:14]} Nc6 {[%clk 0:15:17]} 4. Bg2
{[%clk 0:15:17]} Nf6 {[%clk 0:15:21]} 5. f4 {[%clk 0:15:19]} Bg4 {[%clk 0:15:16]}
6. Nf3 {[%clk 0:15:19]} Nd4 {[%clk 0:15:20]} 7. d3 {[%clk 0:15:18]} Nxf3+
{[%clk 0:15:23]} 8. Bxf3 {[%clk 0:15:21]} Bxf3 {[%clk 0:15:27]} 9. Qxf3
{[%clk 0:15:24]} Qc7 {[%clk 0:15:09]} 10. O-O {[%clk 0:15:25]} e6
{[%clk 0:15:12]} 11. Re1 {[%clk 0:15:01]} Nd7 {[%clk 0:14:56]} 12. f5
{[%clk 0:14:44]} O-O-O {[%clk 0:14:38]} 13. Bf4 {[%clk 0:14:16]} a6
{[%clk 0:14:17]} 14. a3 {[%clk 0:12:29]} Be7 {[%clk 0:13:40]} 15. Rab1
{[%clk 0:11:52]} g5 {[%clk 0:13:16]} 16. Bd2 {[%clk 0:11:39]} Ne5
{[%clk 0:13:20]} 17. Qh5 {[%clk 0:10:56]} g4 {[%clk 0:12:42]} 18. Kh1
{[%clk 0:10:27]} Rdg8 {[%clk 0:10:35]} 19. Qh6 {[%clk 0:09:24]} Bf8
{[%clk 0:09:42]} 20. Qf4 {[%clk 0:08:53]} h5 {[%clk 0:09:39]} 21. Qf2
{[%clk 0:07:47]} Nf3 {[%clk 0:09:21]} 22. Rf1 {[%clk 0:07:02]} h4
{[%clk 0:07:41]} 23. gxh4 {[%clk 0:04:56]} Bh6 {[%clk 0:07:45]} 24. Bxh6
{[%clk 0:04:04]} Rxh6 {[%clk 0:07:49]} 25. Rg1 {[%clk 0:02:53]} Qd8
{[%clk 0:06:38]} 26. Qg3 {[%clk 0:01:45]} Rxh4 {[%clk 0:06:39]} 27. Rg2
{[%clk 0:01:22]} Rgh8 {[%clk 0:06:34]} 0-1

[Event "Portugal Open Semirrapidas"]
[Site "Lisboa POR"]
[Date "2020.02.02"]
[Round "5.41"]
[White "OLIVEIRA, Marco"]
[Black "ELIAS, Ruben"]
[Result "1-0"]
[BlackElo "1733"]
[WhiteElo "1993"]
[LiveChessVersion "1.4.8"]

1. Nf3 {[%clk 0:15:07]} d5 {[%clk 0:15:08]} 2. d4 {[%clk 0:15:10]} Nf6
{[%clk 0:15:11]} 3. c4 {[%clk 0:15:13]} e6 {[%clk 0:15:14]} 4. Nc3
{[%clk 0:15:17]} Be7 {[%clk 0:15:17]} 5. Bg5 {[%clk 0:15:20]} O-O
{[%clk 0:15:15]} 6. e3 {[%clk 0:15:23]} Nbd7 {[%clk 0:14:52]} 7. Bd3
{[%clk 0:15:26]} dxc4 {[%clk 0:14:55]} 8. Bxc4 {[%clk 0:15:28]} c5
{[%clk 0:14:57]} 9. O-O {[%clk 0:15:24]} cxd4 {[%clk 0:14:56]} 10. exd4
{[%clk 0:15:26]} a6 {[%clk 0:14:37]} 11. a4 {[%clk 0:15:21]} b6 {[%clk 0:14:22]}
12. Qe2 {[%clk 0:14:27]} Bb7 {[%clk 0:14:21]} 13. Rac1 {[%clk 0:14:18]} h6
{[%clk 0:13:48]} 14. Bh4 {[%clk 0:14:18]} Re8 {[%clk 0:13:20]} 15. Rfd1
{[%clk 0:13:29]} Nf8 {[%clk 0:12:24]} 16. Ne5 {[%clk 0:13:01]} Nd5
{[%clk 0:12:04]} 17. Bg3 {[%clk 0:12:17]} Nd7 {[%clk 0:10:33]} 18. Ne4
{[%clk 0:10:40]} N7f6 {[%clk 0:09:54]} 19. Bd3 {[%clk 0:09:33]} Nb4
{[%clk 0:07:29]} 20. Bb1 {[%clk 0:09:06]} Nxe4 {[%clk 0:07:22]} 21. Bxe4
{[%clk 0:09:02]} Bxe4 {[%clk 0:07:20]} 22. Qxe4 {[%clk 0:09:02]} Qd5
{[%clk 0:06:49]} 23. Qf4 {[%clk 0:06:43]} Rf8 {[%clk 0:06:37]} 24. Qg4
{[%clk 0:05:26]} f5 {[%clk 0:05:27]} 25. Qh5 {[%clk 0:04:55]} f4 {[%clk 0:05:24]}
26. Bh4 {[%clk 0:04:38]} Rf5 {[%clk 0:05:19]} 27. Qg4 {[%clk 0:03:19]} h5
{[%clk 0:04:30]} 28. Qh3 {[%clk 0:02:16]} g5 {[%clk 0:04:25]} 29. Ng6
{[%clk 0:01:39]} Bf6 {[%clk 0:04:20]} 30. Bxg5 {[%clk 0:01:16]} Rxg5
{[%clk 0:04:07]} 31. Nxf4 {[%clk 0:01:17]} Qf5 {[%clk 0:03:38]} 32. Qe3
{[%clk 0:01:13]} Re8 {[%clk 0:02:59]} 33. Nh3 {[%clk 0:00:57]} Nd5
{[%clk 0:02:43]} 34. Qb3 {[%clk 0:01:01]} Rg4 {[%clk 0:02:20]} 35. Rd3
{[%clk 0:00:51]} Bxd4 {[%clk 0:02:05]} 36. Rg3 {[%clk 0:00:52]} Rxg3
{[%clk 0:01:43]} 37. hxg3 {[%clk 0:00:50]} Rf8 {[%clk 0:01:29]} 38. Rf1
{[%clk 0:00:54]} Bc5 {[%clk 0:01:20]} 39. Qc4 {[%clk 0:00:56]} Qg4
{[%clk 0:01:11]} 40. Qd3 {[%clk 0:00:54]} Qf5 {[%clk 0:00:54]} 41. Qc4
{[%clk 0:00:57]} Nf6 {[%clk 0:00:46]} 42. Nf4 {[%clk 0:00:57]} Re8
{[%clk 0:00:37]} 43. b4 {[%clk 0:00:56]} Bd6 {[%clk 0:00:33]} 44. Nh3
{[%clk 0:00:53]} b5 {[%clk 0:00:23]} 45. axb5 {[%clk 0:00:51]} axb5
{[%clk 0:00:24]} 46. Qc6 {[%clk 0:00:55]} Rd8 {[%clk 0:00:21]} 47. Qb6
{[%clk 0:00:57]} Be7 {[%clk 0:00:18]} 48. Qc7 {[%clk 0:00:56]} Rd7
{[%clk 0:00:13]} 49. Qc8+ {[%clk 0:00:56]} Kf7 {[%clk 0:00:16]} 50. Nf4
{[%clk 0:01:00]} e5 {[%clk 0:00:14]} 51. Nh3 {[%clk 0:00:45]} Bxb4
{[%clk 0:00:16]} 52. Qc6 {[%clk 0:00:32]} Qe6 {[%clk 0:00:14]} 53. Qxb5
{[%clk 0:00:34]} Qd6 {[%clk 0:00:13]} 54. Qe2 {[%clk 0:00:38]} e4
{[%clk 0:00:12]} 55. Qe3 {[%clk 0:00:42]} Bc5 {[%clk 0:00:15]} 56. Qh6
{[%clk 0:00:45]} Qd5 {[%clk 0:00:13]} 57. Nf4 {[%clk 0:00:49]} Qf5
{[%clk 0:00:09]} 58. Qh8 {[%clk 0:00:48]} Bd6 {[%clk 0:00:09]} 59. Nh3
{[%clk 0:00:45]} Re7 {[%clk 0:00:11]} 60. Qh6 {[%clk 0:00:47]} Re8
{[%clk 0:00:10]} 61. Ng5+ {[%clk 0:00:51]} Ke7 {[%clk 0:00:12]} 62. Qg7+ Kd8
{[%clk 0:00:08]} 63. Nf7+ {[%clk 0:00:56]} Kc8 {[%clk 0:00:11]} 64. Nxd6+
{[%clk 0:01:00]} 1-0